| 000 | 02575nam0a2200337 4500 | ||
|---|---|---|---|
| 001 | RU\NLR\BIBL_A\012722721 | ||
| 005 | 20220523105700.0 | ||
| 010 |
_a978-5-7114-0804-8 _9100 |
||
| 021 |
_aRU _bКН-П-21-080319 _9КН-П-21-6387 |
||
| 035 | _a(NLR Aleph) 012722721 | ||
| 035 | _a(RuMoRGB)010883741 | ||
| 090 |
_a12946887 _c12946887 |
||
| 100 | _a20220304d2021 u y0rusy50 ca | ||
| 101 | 0 | _arus | |
| 102 | _aRU | ||
| 105 | _ag|||j||||||z| | ||
| 181 | 1 |
_ai _b e |
|
| 182 | 1 | _an | |
| 200 | 1 |
_aКамерно-вокальное творчество В. А. Гаврилина как учебный репертуар _eучебно-методическое пособие _eдля студентов консерваторий и вузов искусств по специальности 53.05.04 Музыкально-театральное искусство, специализация "Искусство оперного пения" _fГ. В. Титова _gМинистерство культуры Российской Федерации, Министерство культуры Челябинской области, ГБОУ ВО ЧО "Магнитогорская государственная консерватория (академия) имени М. И. Глинки" |
|
| 203 |
_aТекст _bвизуальный _cнепосредственный |
||
| 210 |
_aМагнитогорск _cГБОУ ВО ЧО "Магнитогорская государственная консерватория (академия) имени М.И. Глинки" _cМагнитогорский Дом печати _d2021 |
||
| 215 |
_a46 с. _cнот. _d21 |
||
| 320 | _aБиблиогр.: с. 43-45 (26 назв.) | ||
| 604 |
_1700#1$aГаврилин$bВ. А.$gВалерий Александрович$f1939 - 1999 _15011#$aВокальные циклы$jУчебно-методические пособия$2nlr_sh2$3RU\NLR\AUTH\6601705275 _aГаврилин, Валерий Александрович (1939 - 1999) _tВокальные циклы _jУчебно-методические пособия _92514533 _3RU\NLR\AUTH\6601705275 |
||
| 686 | 1 | _aЩ313(2Р=Рус)7-81Гаврилин 44 | |
| 700 | 1 |
_7ca _8rus _aТитова _bГ. В. _cпреподаватель, вокальное пение _gГалина Васильевна _9242491 _3RU\NLR\AUTH\770242547 |
|
| 702 | 1 |
_aГаврилин _bВ. А. _f1939-1999 _gВалерий Александрович _4230 |
|
| 942 | _cBOOK | ||
| 980 | _aNB | ||